[Event "Gibraltar Masters 18th"]
[Site "Caleta"]
[Date "2020.01.26"]
[Round "6"]
[White "Adhiban, Baskaran"]
[Black "Flom, Gabriel"]
[Result "1-0"]
[WhiteElo "2654"]
[BlackElo "2510"]
[Annotator "Adhiban,B"]
[PlyCount "51"]
[EventDate "2020.01.21"]
[EventType "swiss"]
[EventRounds "10"]
[EventCountry "GGB"]
[SourceTitle "CBM 194 Extra"]
[Source "ChessBase"]
[SourceDate "2020.03.31"]
[SourceVersion "1"]
[SourceVersionDate "2020.03.31"]
[SourceQuality "1"]

1. e4 e6 2. d4 d5 3. Nc3 Bb4 4. e5 c5 5. a3 Ba5 6. b4 cxd4 7. Nb5 Bc7 8. f4 Nc6
9. Nf3 Nge7 (9... Bb8 10. Bd3 Nge7 11. O-O a6 12. Nbxd4 Nxd4 13. Nxd4 Ba7 14.
Be3) 10. Nxc7+ Qxc7 11. Bd3 a6 12. O-O g6 (12... Nf5 13. Qe1) 13. g4 h5 14. h3
Bd7 15. Bd2 Na7 (15... Nc8 16. a4 Nb6 17. b5 Ne7 18. Ba5 Qc5 19. Bxb6 Qxb6 20.
Qd2) 16. a4 b5 17. a5 Nac6 18. Ng5 hxg4 (18... Nd8 19. Qf3) 19. hxg4 Ng8 (19...
Rf8 20. Nh7 Rh8 21. Nf6+ Kd8 22. Kg2) 20. Kg2 Nce7 21. Rh1 Rh6 22. Qf3 Rc8 23.
Rxh6 Nxh6 24. Rh1 Neg8 25. Rh4 (25. Rxh6 Nxh6 26. Qh3 Nxg4) 25... Kf8 26. Nh7+
(26. Nh7+ Kg7 27. Nf6 Qd8 (27... Nxf6 28. exf6+) 28. g5) 1-0

[Event "Bundesliga 9394"]
[Site "Germany"]
[Date "1993.11.07"]
[Round "2.5"]
[White "Mueller, Matthias"]
[Black "Vaganian, Rafael A"]
[Result "0-1"]
[WhiteElo "2350"]
[BlackElo "2615"]
[Annotator "Ambroz,J"]
[PlyCount "68"]
[EventDate "1993.11.06"]
[EventType "team-tourn"]
[EventRounds "15"]
[EventCountry "GER"]
[SourceTitle "CBM 040"]
[Source "ChessBase"]
[SourceDate "1994.06.01"]
[SourceVersion "1"]
[SourceVersionDate "1994.06.01"]
[SourceQuality "1"]
[WhiteTeam "Erfurt"]
[BlackTeam "Porz"]
[WhiteTeamCountry "GER"]
[BlackTeamCountry "GER"]

1. e4 e6 2. d4 d5 3. Nc3 Bb4 4. e5 c5 5. a3 Ba5 6. b4 cxd4 7. Qg4 Ne7 8. Nb5
Bc7 9. Qxg7 Rg8 10. Qxh7 a6 11. Nxc7+ Qxc7 12. Bb2 (12. Ne2 Bd7 $5 {
Yermolinsky,A-Vaganian,R, Tilburg 1993} (12... Qxe5 13. Bb2 (13. Qd3 Nbc6 14.
Bb2 Nf5 (14... Bd7 {Chandler,M-Vaganian,R, Manila izt 1990}) 15. O-O-O Qf6 16.
Nxd4 {Liberzon,V.M-Vaganian,R, Haifa 1989}) 13... Nbc6 14. O-O-O Qd6 15. f4 e5
16. fxe5 Qxe5 17. Nxd4 Nxd4 18. Rxd4 Bf5 19. Qh4 Rc8 20. Rd2 Qe3 21. Kd1 Qxd2+
$1 $17 {Klovan-Lputian, UdSSr 1985})) 12... Qxe5+ 13. Ne2 Qf6 14. f4 Nbc6 15.
Qd3 (15. O-O-O e5 16. fxe5 Qg5+ 17. Kb1 Bf5 18. h4 Qe3 19. Qh5 Bg4 20. Qh7 Bf5
$10) 15... Nf5 16. O-O-O Qh6 (16... e5 17. fxe5 Nxe5 18. Qb3 Ne3 19. Rxd4 Nxf1
20. Rf4 $16) (16... Bd7 17. g3 $13) 17. Kb1 Bd7 {[#]} 18. Re1 (18. Nxd4 Ncxd4
19. Bxd4 Qxf4 20. g3 Qxd4 (20... Qh6 $5 21. Bg2 $13) 21. Qxd4 Nxd4 22. Rxd4 Bc6
$5 {/\ e5|^}) (18. g3 Rc8 $1 (18... Ne3 19. Rc1 Ng4 (19... Nxf1 20. Rcxf1) 20.
Bxd4 Nxd4 21. Qxd4 $14) 19. Nxd4 (19. Bxd4 Ncxd4 20. Nxd4 Nxg3 (20... Rxg3 $2
21. hxg3 (21. Nxf5 Rxd3) 21... Qxh1 22. Nxf5) 21. Rg1 Qxh2 22. Rg2 (22. Ne2 Bb5
) 22... Qh4 $13) 19... Ncxd4 20. Bxd4 Nxg3 21. Rg1 Bb5 (21... Qxh2 22. Rd2 $16)
22. Qd2 (22. Rxg3 Bxd3 23. Rxg8+ Kd7 24. Rxc8 Bxf1 25. Rb8 Qxf4 $15) (22. Qf3
Bxf1) 22... Bxf1 23. Rxg3 (23. Rdxf1 Nxf1 24. Rxg8+ Kd7 25. Qg2 Nd2+ $17) 23...
Rxg3 24. hxg3 Bb5 $1 $13 {/\ Ba4, >< c2}) (18. Qd2 Rc8 19. Nxd4 Ncxd4 20. Bxd4
Rg4 $5 {Hawelko-Schmidt Wl., Polska 1987} (20... Ng3 21. hxg3 Qxh1 22. Bxa6 $14
{Klovans-Legkij, UdSSr 1986})) 18... Rc8 19. g3 (19. Nxd4 Ncxd4 20. Bxd4 Qxf4
$5 21. Be5 Qg5 {/\ Ba4->}) (19. g4 $5 Nd6 $13 (19... Ne3 20. Nxd4 $1 Nxd4 21.
g5 Qh4 22. Rxe3 Nxc2 23. Rg3 Qxf4 24. Qh7 Rf8 25. Bd3 $16 {Kremeneckij-Legkij,
Odessa 1988})) 19... Ne3 (19... Kf8 $5 $13 {Yudasin-Lputian, UdSSr 1986}) 20.
Nxd4 (20. Bxd4 Nxc2 21. Rc1 N6xd4 22. Nxd4 Nxd4 23. Rxc8+ Bxc8 24. Qxd4 Rxg3
$17) 20... Nxd4 21. Bxd4 Nxc2 22. Rc1 Nxd4 23. Rxc8+ Bxc8 24. Qxd4 Rxg3 $17 25.
Bd3 Rh3 26. Rg1 Qh8 $1 27. Qc5 Bd7 28. Qd6 $1 f5 (28... Rxh2 $2 29. Rg8+ $1
Qxg8 30. Qb8+) 29. Re1 {>< e6} Qf6 30. Qxd5 Rxh2 31. Re5 Qg6 32. Re1 (32. Bxf5
$4 Qg1+) 32... Qf6 33. Re5 Rf2 34. Bxf5 $2 (34. Qxb7 Rxf4 $17 {>< Kb1}) 34...
Qxf5+ 0-1

[Event "FIDE-Wch k.o."]
[Site "Groningen"]
[Date "1997.12.12"]
[Round "2.2"]
[White "Anand, Viswanathan"]
[Black "Nikolic, Predrag"]
[Result "1-0"]
[WhiteElo "2765"]
[BlackElo "2630"]
[Annotator "Anand,V"]
[PlyCount "69"]
[EventDate "1997.12.09"]
[EventType "k.o."]
[EventRounds "7"]
[EventCountry "NED"]
[SourceTitle "CBM 063"]
[Source "ChessBase"]
[SourceDate "1998.03.26"]
[SourceVersion "1"]
[SourceVersionDate "1998.03.26"]
[SourceQuality "1"]

1. e4 e6 2. d4 d5 3. Nc3 Bb4 4. e5 c5 5. a3 Bxc3+ 6. bxc3 Qa5 7. Bd2 Qa4 8. Qg4
$1 g6 (8... Kf8 9. Qd1 Nc6 10. Nf3 $14) 9. Qd1 $1 (9. Ra2 {RR} Nc6 10. Nf3 Nge7
11. Bd3 (11. Qf4 cxd4 12. Ng5 Nf5 13. g4 h6 14. Nxf7 g5 15. Qf3 Rf8 16. gxf5
Rxf7 {0-1 Porrasmaa,T-Kekki,J/FIN-chT 1986/EXT 86ch2 (31)}) 11... Nf5 12. Qf4
h6 13. h4 Bd7 14. g4 Nfe7 15. dxc5 Qxf4 16. Bxf4 h5 17. Nh2 hxg4 18. Nxg4 Nf5
19. Nf6+ Kd8 20. Bxf5 gxf5 21. h5 {1-0 Hazai,L-Kekki,J/Espoo 1987/EXT 87b (24)}
) 9... cxd4 (9... Nc6 {RR} 10. Nf3 b6 {0-1 Renttinen,J-Kekki,J/Kuopio op 1992/
EXT 92op (34)}) 10. Rb1 $1 d3 (10... Qxa3 11. cxd4 $44 {/\ Bb4~/= ><h6,f6 ^^})
11. Bxd3 $1 (11. cxd3 Qxd1+ 12. Kxd1 $14) 11... Qxa3 12. Nf3 $44 Qc5 13. h4 $1
h6 14. O-O Nd7 15. Re1 a6 (15... Ne7 16. Qc1 $1 $40) 16. c4 $5 (16. Nd4 b5 17.
h5 $44) 16... dxc4 17. Be4 c3 (17... Ne7 $2 18. Bb4 $16) 18. Be3 Qc4 19. Bd4 (
19. Bxb7 Bxb7 20. Rxb7 Rd8) 19... Nc5 20. Re3 $1 Nxe4 21. Rxe4 Bd7 (21... Ne7
$2 22. Bb6 $18) 22. Re3 $1 Ne7 23. Rxc3 Qd5 24. Rc5 Qe4 25. Rc7 $44 b5 (25...
Bc6 $2 26. Rxe7+ $1 Kxe7 27. Bc5+ Ke8 28. Qd6 $18) 26. Bc5 Nd5 $2 (26... Qd5 $8
27. Qe1 Rc8 28. Rxc8+ Nxc8 29. Bb4 {/\ Rd1~/=}) 27. Rxd7 $1 (27. Rb4 $2 {RR}
Qxb4 28. Bxb4 Nxc7 29. Qd6 Nd5 $13) 27... Kxd7 28. Rb4 $18 Qxb4 (28... Qf5 29.
g4) 29. Bxb4 Rhc8 30. Bd6 Rc4 31. Nd2 Rd4 32. c3 Rd3 33. c4 Rxd2 34. Qxd2 bxc4
35. Qxh6 1-0

[Event "Bundesliga 0607"]
[Site "Germany"]
[Date "2007.02.03"]
[Round "8.3"]
[White "Areshchenko, Alexander"]
[Black "Socko, Bartosz"]
[Result "1-0"]
[WhiteElo "2640"]
[BlackElo "2630"]
[Annotator "Areshchenko/Meyer,CD"]
[PlyCount "81"]
[EventDate "2006.10.28"]
[EventType "team-tourn"]
[EventRounds "15"]
[EventCountry "GER"]
[SourceTitle "CBM 118"]
[Source "ChessBase"]
[SourceDate "2007.05.31"]
[SourceVersion "1"]
[SourceVersionDate "2007.05.31"]
[SourceQuality "1"]
[WhiteTeam "Werder Bremen"]
[BlackTeam "Kreuzberg"]
[WhiteTeamCountry "GER"]
[BlackTeamCountry "GER"]

1. e4 e6 2. d4 d5 3. Nc3 Bb4 4. e5 c5 5. a3 Bxc3+ 6. bxc3 Qa5 7. Bd2 Qa4 8. Qb1
{Dieses Damenmanöver (Idee Qb3) liegt zwar voll im Trend, aber z.B. 8.Qg4 oder
8.Nf3 kommen ebenso in Betracht.} a6 ({Ein ganz anderes Thema ist} 8... c4 {
, z.B.} 9. Nh3 (9. Ne2) (9. h4) 9... Nc6 10. Nf4 $13) 9. Qb3 $5 (9. Nf3 {
(9.Nh3; 9.h4)} Nc6 (9... Ne7 10. Qb3 Qxb3 11. cxb3 Nbc6 12. Rb1 $1 {/\ Bd3+/-
^^(), ECO (C4)}) 10. Bd3 (10. Qb3 Qxb3 11. cxb3 Na5 12. Rb1 c4 {, siehe
Anmerkung unter 11.Nf3}) 10... cxd4 11. Qb6 (11. cxd4 Nxd4 12. Nxd4 Qxd4 13.
O-O Ne7 14. Re1 Nc6 15. Re3 h6 16. a4 Bd7 17. c3 Qc5 18. Bc1 O-O-O 19. Ba3 Qa7
20. c4 d4 21. Re2 f6 22. f4 f5 23. Bd6 $16 {1:0/47, Kritz,L (2561)-Tischbierek,
R (2466)/Osterburg 2006/CBM 112}) 11... dxc3 12. Bxc3 Nge7 13. O-O O-O 14. Rfb1
Ng6 15. Qc5 Rd8 16. Bxg6 fxg6 17. Nd4 Nxd4 18. Bxd4 Bd7 19. Rxb7 Rdc8 20. Qb6 {
remis, Sutovsky,E (2674)-Socko,B (2615)/Gothenburg 2005/CBM 109}) 9... Qxb3 10.
cxb3 {In diesem frühen Endspiel sehen offenbar beide Parteien ihre Chancen.}
Nc6 (10... cxd4 11. cxd4 Nc6 12. Bc3 $14) 11. dxc5 $5 (11. Nf3 Na5 12. Rb1 c4
13. bxc4 dxc4 14. Ng5 Ne7 15. Ne4 O-O $13) 11... Nxe5 12. Bf4 $5 ({Womöglich
eine Neuerung, Alternativen: I} 12. f4 $5 Nd7 13. Be3 Ngf6 14. Bd3 e5 15. fxe5
Nxe5 16. Bc2 O-O 17. Bd4 Re8 18. O-O-O Bg4 $13 {remis/67, Macieja,B (2593)
-Socko,B (2615)/Ermioni Argolidas 2005}) ({II} 12. c4 Ne7 13. cxd5 exd5 14.
O-O-O Bf5 15. Bc3 f6 $13 {remis/38, Baklan,V (2578)-Nikitin,A (2453)/Cappelle
la Grande 2005}) 12... Ng6 13. Bd6 e5 $6 ({Mit dem König in der Mitte
erscheint dieser Aufzug ziemlich forsch. Eine passable Möglichkeit war} 13...
Nh6 {, z.B.} 14. Nf3 (14. Bd3 f6) 14... Nf5 15. Bc7 Bd7 16. O-O-O $14) 14.
O-O-O Be6 (14... Nf6 $6 15. Bd3 (15. f3 $5 Be6 16. h4 $36) 15... Ne4 16. Bxe4
dxe4 17. Ne2 Bg4 18. Rhe1 Bxe2 (18... f5 19. Rd2 Bxe2 20. Rexe2 Kf7 21. g4 Kf6
22. gxf5 Kxf5 23. Re3 $14) 19. Rxe2 f5 20. g4 $1 $16 Nf4 21. Re3 Nd3+ 22. Rdxd3
exd3 23. Rxe5+ Kd7 24. Re7+ Kc6 25. gxf5) 15. Bd3 (15. h4 h5 16. f4 $6 (16. Bd3
N8e7) 16... exf4 17. Bd3 Nf6 $1 (17... N8e7 18. Ne2 Bg4 19. Rd2 Bxe2 20. Rxe2
Kd7 21. c4 $40) 18. Bxg6 fxg6 19. Nh3 Bxh3 20. Rxh3 O-O-O 21. Rf3 Rhe8 $11)
15... N8e7 16. Ne2 Nc8 $6 ({Der Störenfried auf d6 kann sich prächtig auf den
dunklen Feldern tummeln, daher ist Schwarz besser beraten, mit der langen
Rochade mehr Sicherheit zu suchen.  I} 16... e4 17. Bc2 Nf5 18. Bc7 Rc8 19. Bb6
O-O 20. c4 $1 $36) ({II} 16... O-O-O $5 17. h4 e4 (17... h5 18. Ng3 f6 19. Be2
$16) 18. Bc2 Nf5 19. h5 Ngh4 (19... Nge7 20. Bf4 $16) 20. Be5 f6 (20... Nxg2
21. h6 $16) 21. Nd4 $1 Rhe8 22. Nxf5 Nxf5 23. Bf4 $14) 17. Bc7 Kd7 18. Ba5 Nce7
(18... Kc6 19. c4 $1 $16) 19. b4 $5 ({Strenger war} 19. c4 $142 $1 Ke8 (19...
d4 20. Be4 Nc6 21. Bb6 f5 22. Bxc6+ bxc6 23. f4 $18) (19... Kc8 20. Bb6 $16)
20. h4 $5 (20. cxd5 Bxd5 21. Rd2 Rc8 22. b4 Bxg2 $13) 20... dxc4 21. bxc4 Bf5
22. Bxf5 Nxf5 23. h5 $16) 19... Nc6 20. Bb6 Ke7 21. Bc2 a5 ({Die Probleme in
Verbindung mit dem Wanderkönig nehmen allmählich überhand. Oder z.B.: I} 21...
Kf8 22. h4 Nge7 23. f4 Bg4 24. Rhe1 exf4 25. Rd2 $16) ({II} 21... Rhc8 22. h4
$16) ({III} 21... Kf6 22. f4 $1 Nxf4 23. Rhf1 Ke7 24. Nxf4 exf4 25. Rxf4 $16)
22. b5 Na7 (22... Nb8 23. Bc7 Nd7 24. c4 dxc4 25. Bd6+ Kf6 26. Nc3 $18) 23. a4
$6 (23. c4 $1 d4 (23... dxc4 24. Nc3 Nf4 25. Rhe1 $16) 24. Rhe1 Bxc4 25. a4 Nc8
26. Bc7 $18) 23... Nc8 24. Bc7 Kd7 25. b6 Kc6 {Mit der Sprengung des
Bauernzentrums bringt Weiß sein aktives Übergewicht schwungvoll zur Geltung.}
26. c4 $1 d4 (26... Kxc5 27. cxd5 Bxd5 28. Rd3 $18) 27. f4 $1 Bxc4 28. Rhe1
Kxc5 $2 ({Der vorentscheidende Fehler mit dem ohnehin schon dreist in Szene
gesetzten Monarchen. Zu versuchen war} 28... f6 $1 29. fxe5 fxe5 30. Ng3 Re8 (
30... Bd5 31. Rd2 Re8 32. Bd3 $18) 31. Be4+ Bd5 32. Bxg6 hxg6 33. Bxe5 $16) 29.
fxe5 Bxe2 30. Rxe2 Nf4 31. Rf2 Ne6 $2 ({Auch nach dem erforderlichen} 31... Nd5
{dürfte Schwarz kaum überleben, z.B.} 32. Rxf7 (32. Bb3) 32... Ne3 33. Be4 (33.
Rd3 Nxc2 34. Kxc2 Nxb6 35. Bxb6+ Kxb6 36. Rxd4 Rac8+ 37. Kd3 Rhe8 38. Rd5 $16)
33... Nxd1 34. Kxd1 Ra6 35. Bxb7 Rxb6 36. Bxc8 Rxc8 37. Bxb6+ Kxb6 38. Rxg7 $16
{/+-} {(} Re8 39. Rxh7 Rxe5 40. g4 Re4 41. g5 Rg4 42. h4 Kc5 43. Ke2 Kc4 44.
Kf3 Rg1 45. Ke4 $18 {)}) 32. Be4 $18 Nxc7 33. bxc7 Ne7 34. Rc2+ Kb6 35. Rb2+
Kxc7 36. Rxb7+ Kd8 37. Rxd4+ Ke8 38. Rdd7 Rc8+ 39. Kb2 Ng6 40. Rxf7 Rc4 41. e6
1-0

[Event "GRE-chT 32nd"]
[Site "Kallithea"]
[Date "2003.07.05"]
[Round "2"]
[White "Macieja, Bartlomiej"]
[Black "Atalik, Suat"]
[Result "1/2-1/2"]
[WhiteElo "2627"]
[BlackElo "2599"]
[Annotator "Atalik,S"]
[PlyCount "123"]
[EventDate "2003.07.04"]
[EventType "team-tourn"]
[EventRounds "9"]
[EventCountry "GRE"]
[SourceTitle "CBM 095 Extra"]
[Source "ChessBase"]
[SourceDate "2003.09.04"]
[SourceVersion "1"]
[SourceVersionDate "2003.09.04"]
[SourceQuality "1"]

1. e4 e6 2. d4 d5 3. Nc3 Bb4 4. e5 c5 5. a3 Ba5 6. dxc5 Bxc3+ 7. bxc3 Ne7 8.
Nf3 $6 {This looks like a wrong move despite of the fact that some people
still goes for it.} (8. Qg4 $142) 8... Nd7 $1 9. Bb5 O-O 10. Bxd7 Bxd7 $36 {
Black is clearly better. White's game with all these broken pawns is in bad
shape.} 11. O-O (11. Bg5 h6 12. Bh4 Bb5 13. Rb1 Ba6 14. c4 $1 Qc7 $1 $17 {
and it is a question how white's king will castle into safety.} (14... Bxc4 $2
15. Rxb7 Qa5+ 16. Qd2 Qxa3 17. Bxe7 Qa1+ $11)) 11... Qc7 12. Be3 (12. Rb1 Rab8)
12... Nf5 13. Bd4 b6 $1 $15 {That is the way black takes the initiative.} 14.
cxb6 axb6 15. Qb1 Rfc8 16. Rc1 b5 17. Nd2 Ra4 18. Qb2 h5 19. Ra2 Qd8 $1 {
A great shift towards whites weakened kingside.} 20. Rd1 Qe7 21. h3 Be8 22.
Rda1 {Draw offer.} Qg5 $6 {This does not give enough damage on the kingside.} (
22... Nh4 23. g3 Qg5 24. Rd1 Ng6 25. Nf3 Qf5 26. Kg2 h4 27. Qc1 $15) 23. Nf3
Qg6 24. Qc1 Rac4 25. Qf4 Nxd4 $2 (25... Ra8 $142) 26. cxd4 Rxc2 27. Kh2 Rxa2
28. Rxa2 Qb1 29. Re2 Rc3 30. Qg5 Qc1 31. Re3 $2 $138 {He gets tired.} (31. Qe7
Qf4+ (31... Rc8 32. Re3 $14) 32. Kg1 Rc1+ 33. Re1 Bc6 $11) 31... Qxa3 {Believe
or not I have burned most of time left for this simple capture. Tell me what
is happening with me?} 32. Qd8 Kf8 33. Rxc3 Qxc3 34. Qd6+ Kg8 35. Qb8 Qc6 36.
Nd2 $1 $15 {Now white is almost safe.} Kh7 37. Nb3 Qd7 38. h4 Qe7 39. g3 f6 40.
Nc5 fxe5 41. Qxe5 Bf7 $1 {I have to spend some time to untangle his pieces.} (
41... Qf6 42. Qxf6 $1 gxf6 43. Nxe6 b4 44. Nc5 Bg6 45. Kg2 Bc2 46. Kf3 b3 47.
Na4 Kg6 48. Ke3 Kf5 49. f3 $11) 42. Kg2 Qf6 43. Qe3 Bg6 44. f3 Bf5 45. Kf2 Qe7
{Black has difficulties to make more profit out of his extra pawn.} (45... b4
$6 46. Qd2 e5 47. dxe5 Qxe5 48. Qxb4 $11) 46. Qe5 g5 47. hxg5 (47. g4 $2 hxg4
48. fxg4 Bxg4 49. hxg5 Qf7+ 50. Ke3 Kg6 51. Nd3 Bf5 52. Qh2 Bxd3 53. Qh6+ Kf5
54. Kxd3 Qg6 $17) 47... Qxg5 48. f4 Qg4 $6 (48... Qg7 49. Qe3 Qg4 $15) 49. Qd6
Qg7 50. Nxe6 $1 Bxe6 51. Qxe6 Qxd4+ 52. Kf3 $11 {The queens ending does not
give chances for black.} Qd3+ 53. Kf2 Qc2+ 54. Kf3 Qc3+ 55. Kg2 $1 (55. Kf2 b4)
55... Qc2+ 56. Kh3 Qe4 57. Qf7+ Kh6 58. Qf6+ Qg6 59. Qh8+ Qh7 60. Qf6+ Qg6 61.
Qh8+ Qh7 62. Qf6+ {Game ended by threefold repetition.} 1/2-1/2

[Event "SRB Central-ch op-A 6th"]
[Site "Paracin"]
[Date "2013.07.09"]
[Round "6"]
[White "Stojanovski, Dejan"]
[Black "Atalik, Suat"]
[Result "0-1"]
[WhiteElo "2439"]
[BlackElo "2568"]
[Annotator "Atalik,S"]
[PlyCount "148"]
[EventDate "2013.07.05"]
[EventType "swiss"]
[EventRounds "9"]
[EventCountry "SRB"]
[SourceTitle "CBM 158"]
[Source "ChessBase"]
[SourceDate "2014.01.16"]
[SourceVersion "1"]
[SourceVersionDate "2014.01.16"]
[SourceQuality "1"]

1. e4 e6 2. d4 d5 3. Nc3 Bb4 4. e5 c5 5. a3 Bxc3+ 6. bxc3 Qc7 7. Qg4 f6 $5 {
Especially for this particular little line I have chosen the French Winawer
again.} (7... f5 8. Qg3 (8. Qh5+ g6 9. Qd1)) 8. Bd2 $5 {An inspired move.} (8.
Nf3 c4 9. Qg3 Qf7 10. Be2 Ne7 $5 11. exf6 gxf6 12. O-O Na6 13. Nh4 Bd7 14. Qd6
O-O-O 15. Bf4 $140 $2 Ba4 $19) (8. Bb5+ Kf8 $1 9. Nf3 $1 (9. a4 $6 cxd4 10. Ne2
fxe5 11. cxd4 a6 12. Qf3+ Nf6 13. dxe5 Qxe5 14. Qa3+ Kf7 $1 15. Bd3 Nc6 16. Bf4
Qh5 $17) 9... Qa5 10. Rb1 a6 11. Be2 Qxc3+ 12. Kd1 $1 (12. Bd2 Qxc2 13. Rc1 Qg6
14. Qf4 c4 15. exf6 Nxf6 $13) 12... Nc6 13. Bb2 Qa5 14. dxc5 f5 15. Qf4 Nge7
16. Nd4 $1 (16. g4 Ke8 17. Nd4 Rf8 $13) 16... Nxd4 17. Bxd4 $1 (17. Qxd4 Bd7)
17... Qxa3 18. Qd2 Qa4 19. f4 Kf7 20. Ke1 $1 $14 {is a tiny line to give White
an advantage.}) (8. Bd3 Qf7 $5 (8... c4 $2 9. Bxh7)) 8... c4 (8... fxe5 $6 9.
Bb5+ (9. Qg3 Nc6 10. Bb5 Nf6 11. Bxc6+ bxc6 12. Nf3 O-O 13. Qxe5 Qe7 14. O-O
Ne4) 9... Nc6 10. Bxc6+ bxc6 11. Qh5+ g6 12. Qxe5 Qxe5+ 13. dxe5 Rb8 14. Be3
Rb5 15. a4 Ra5 16. c4 $132) 9. Qg3 Qf7 10. f4 $1 {The point behind Bd2.} Bd7
11. a4 Nc6 (11... fxe5 12. dxe5 Ne7 13. Nf3 O-O 14. Be2 Na6 15. Qf2 b6 16. Be3
Nf5 17. g3 Qg6 18. O-O Nxe3 19. Qxe3 Qxc2 20. Nd4 Qg6 21. f5 exf5 22. e6 Rae8
23. Bf3 $44) 12. Nf3 Nge7 13. Be2 O-O-O 14. O-O Nf5 $5 ({I sensed the drawish
nature of} 14... Qg6 15. Qxg6 Nxg6 16. a5 $11) 15. Qf2 h5 16. Nh4 Nce7 17. Nxf5
Nxf5 18. a5 h4 $2 {A bad tactical oversight...} (18... Qg6 $2 19. a6 b6 20.
Bxc4 dxc4 21. Qf3 $18) (18... Bb5 19. Bc1 a6 20. Ba3 g5 $132) (18... Bc6) (
18... Kb8 19. Rfb1 Bc6) 19. Bg4 $2 ({...which should be punished by} 19. a6 $1
b6 (19... b5 20. Bc1 Qg6 21. Bf3 (21. Ba3 Ng3) 21... Bc6 22. Re1 Kd7 23. Ba3
$16) 20. Bxc4 $3 dxc4 21. Qf3 Bc6 22. Qxc6+ Kb8 23. Qxc4 Rd5 $16) 19... Qg6 20.
Bh3 Ne7 $1 21. Bc1 f5 $1 {Now Black starts playing against the misplaced Bh3.}
22. Ba3 Qe8 23. Bc5 Kb8 24. Rfb1 Nc8 25. Qe3 Bc6 (25... a6 26. Rb2 Na7 27.
Bxa7+ (27. Rb6 Nb5) 27... Kxa7 28. Rb6 Bc6 $15) 26. Kf2 Rd7 (26... Rg8 27. g3
g5 28. fxg5 Qh5 29. gxh4 Qxh4+ 30. Qg3 Qxg5 31. Qxg5 Rxg5 $15) 27. Rh1 g5 28.
fxg5 Qg6 $2 {An unnecessary pawn sacrifice.} (28... Rg7 29. Ba3 Rhg8 30. Bc1
Rxg5 31. Qxg5 Rxg5 32. Bxg5 a6 33. g3 Na7 34. Bd2 Nb5 $40) 29. Qf4 $2 {
Mistakes keep on coming mutually in this part of the game.} ({He had to try to
hold the pawn by a manoeuvre with his bishop:} 29. Ba3 $1 a6 (29... f4 30. Qe2
Rf7 31. Rhf1 Bd7 32. Kg1 Qxg5 $13) 30. Bc1 Na7 31. Bd2 Nb5 32. Qf4 Rg7 33. Rab1
Rh5 34. Ra1 Qh7 35. Qf3 Be8 36. Bf4 Rgxg5 37. Bxg5 Rxg5 $44) 29... Rh5 30. Rhb1
Rdh7 31. Rb2 Rxg5 32. Rab1 Qh6 33. Ke3 Rhg7 34. Rf1 Qh5 35. Kf2 Rg8 36. Rfb1
R5g7 37. Rg1 Rf7 38. Ke1 Qh7 (38... Rg4 $5 39. Bxg4 fxg4 40. Qe3 h3 $44 {
did not look to me sound.}) 39. Kd2 Rfg7 40. Rbb1 Be8 (40... Rg4 $2 41. Bxg4
Rxg4 42. Qf2 $16) 41. Rbf1 Rg5 42. Kc1 Ne7 43. Bd6+ Ka8 (43... Kc8 44. Bxe7)
44. Bxe7 {Still White has problems with Bh3.} (44. a6 $5 bxa6 $1 (44... b6 $2
45. Bxe7 Qxe7 46. Qxh4 Qg7 47. g4 Rh8 48. Qg3 Bh5 49. Qe3 Rg8 50. Rg3 fxg4 51.
Rf6 Kb8 52. Bg2 Qe7 53. Kd2 $16) 45. Bxe7 Qxe7 46. Qxh4 Ba4 $17) 44... Qxe7 45.
Qxh4 Qa3+ $6 {I could have skipped taking the pawn back but pressed him on the
other flank.} (45... Ba4 $142 $1 46. Qf2 (46. Qf4 Rh5) 46... Rh5 $17) 46. Kd2
Qxa5 47. Qh6 $2 $138 {A waste of time.} ({He could have equalised with} 47. g4
$1 a6 (47... Bh5 48. Rg3) 48. Rg3 Ka7 (48... f4 49. Rxf4 Qa2 50. Rg1 Bg6 51.
Rc1 Bd3) 49. gxf5 Rh5 50. Qf4 Rgh8 51. Qe3 exf5 52. Bg2 Rxh2 53. Rxf5 Qa2 54.
Rf1 Ba4 55. Rc1 Qa3 $11) 47... R5g6 48. Qh7 Qd8 49. Rf4 Qg5 50. Qh4 Rh6 $1 $17
{After the exchange of queens White is in dire straits.} 51. Qxg5 Rxg5 52. Rgf1
Kb8 (52... b6 $5 {might have accelarated things.}) 53. R1f3 Rgh5 54. Rg3 Kc7
55. Rg8 Bc6 56. Rg7+ Kb6 57. Kc1 a5 58. Kb2 Rh7 59. Rxh7 $2 {A bad mistake! In
such positions the weaker side has to keep all 4 rooks on the board.} (59. Rg6
R5h6 60. Rg8 Kc7 61. Rf3 Bd7 62. Rfg3 Rh4 $17) 59... Rxh7 60. Rf3 Rh4 61. Rg3
Kc7 62. Rg7+ Kd8 63. Rg8+ Ke7 64. Ra8 a4 65. Rg8 Be8 66. Rg7+ Bf7 67. Ka3 b5
68. Rg3 (68. Kb4 Re4) 68... Re4 69. Kb2 Re2 $19 {Once the rook infiltrates
after unavoidable exchanges White will lose his entire queenside.} 70. Rf3 Bh5
71. Rf4 ({Even the more logical retreat loses on the spot:} 71. Rf1 a3+ 72.
Kxa3 Rxc2 73. Rb1 Rxc3+ 74. Kb4 Rd3 75. Kc5 Rb3 $19) 71... a3+ 72. Kxa3 Rxc2
73. Kb4 Rb2+ 74. Kc5 b4 {The end of the best game I have played so far this
year.} (74... b4 75. cxb4 c3 76. Rf1 c2 77. Rc1 Bd1 $19) 0-1